Value chain development for decent work (Record no. 223065)
[ view plain ]
| 000 -LEADER | |
|---|---|
| fixed length control field | 01363nam a2200325 a 4500 |
| 100 1# - MAIN ENTRY--AUTHOR NAME | |
| Personal name | Herr, Matthias L. |
| 245 10 - TITLE STATEMENT | |
| Title | Value chain development for decent work |
| 260 ## - PUBLICATION, DISTRIBUTION, ETC. (IMPRINT) | |
| Place of publication | Geneva : |
| Name of publisher | International Labour Office, |
| Year of publication | 2009. |
| 300 ## - PHYSICAL DESCRIPTION | |
| Number of Pages | xi, 231 p. : |
| Other physical details | col. ill. |
| 650 #0 - SUBJECT ADDED ENTRY--TOPICAL TERM | |
| Topical Term | Business logistics. |
| Topical Term | Employee rights. |
| Topical Term | Work environment. |
| 700 1# - ADDED ENTRY--PERSONAL NAME | |
| Personal name | Muzira, Tapera J. |
| 856 40 - ELECTRONIC LOCATION AND ACCESS | |
| Uniform Resource Identifier | http://site.ebrary.com/lib/rucke/Doc?id=10512141 |
No items available.
